Mitología Griega - General - Estadísticas

Estadísticas generales
  • Esta prueba ha sido intentada 1.461 veces
  • La puntuación promedio es 23 de 30
Estadísticas de respuestas
Hint Respuesta % Correcto
El "rey" de los dioses Zeus
99%
Dios del mar, caracterizado por su tridente Poseidón
98%
Dios del inframundo, hermano del anterior Hades
96%
Hermana y esposa del anterior Hera
94%
Diosa del amor y la belleza, creada a partir de los testículos de Urano Afrodita
93%
Dios de la guerra, hijo de Zeus y Hera Ares
91%
Hijo de Zeus, que completó doce duros trabajos Hércules / Heracles
88%
Monte donde viven los doce dioses olímpicos Olimpo
88%
Monstruo gigante de un solo ojo Cíclope
85%
Nombre propio, de una de las Tres Gorgonas, que puede petrificar a todo aquel que la mire a los ojos Medusa
85%
Muchacha mortal, que abrió la caja que contenía todos los problemas del mundo Pandora
85%
Mensajero de los dioses, posee unas sandalias aladas Hermes
84%
Caballo alado, de color blanco Pegaso
84%
Primero de los titanes, que derrotó a Urano, su padre Cronos
82%
Ciudad anatolia donde tuvo lugar una mítica batalla, causada por el secuestro de Helena de... Troya
82%
Dios del vino Dionisio
81%
Cánido de tres cabezas, que bloquea la entrada al inframundo Cerbero
80%
Dios de la música y la poesía, hermano gemelo de la anterior Apolo
79%
Diosa de la caza y la luna, hija de Zeus y Leto Artemisa
79%
Hija de la anterior, raptada por el dios del inframundo Perséfone
77%
Dios de la forja y la herrería Hefesto
75%
Diosa de la agricultura y la cosecha Deméter
71%
Diosa primordial de la Tierra, y esposa del anterior Gea / Gaia
70%
Abismo del inframundo donde fue despedazado y encerrado Cronos Tártaro
63%
Dios primordial del cielo Urano
63%
Diosa del hogar, la virginidad y la lumbre Hestia
62%
Titánide, esposa y hermana del anterior, madre de los 6 dioses olímpicos Rea
50%
Hijo de Poseidón, que tiene una concha que usa por trompeta Tritón
48%
Diosa de la juventud, copera de los dioses, y esposa de Hércules según la Ilíada, hija de Zeus y Hera Hebe
30%
Dios de la fertilidad masculina y el ganado, sufría de una erección permanente, hijo de los dos anteriores Príapo
30%
No se encontraron pruebas coincidentes
Distribución de puntuación
Porcentaje de gente con cada puntuación
Porcentaje por número respondido
Historial de tus puntuaciones
No has intentado esta prueba.